Miasta w Aglomeracji Trójmiejskiej. - Statystyki

Ogólne statystyki
  • Ten quiz został rozwiązany 157 razy
  • Średni wynik to 10 z 14
Statystyki odpowiedzi
Ludność Miasto % Poprawnych
471 525 Gdańsk
100%
245 867 Gdynia
99%
35 562 Sopot
98%
49 927 Wejherowo
85%
48 632 Rumia
82%
25 102 Reda
78%
31 135 Pruszcz Gdański
72%
11 265 Puck
69%
60 257 Tczew
66%
10 037 Władysławowo
66%
3373 Hel
63%
2734 Jastarnia
55%
14 611 Kartuzy
50%
8135 Żukowo
39%
Nie znaleziono quizów pasujących do podanych kryteriów
Rozkład punktacji
Procent ludzi z każdym wynikiem
Percentyl według liczby udzielonych odpowiedzi
Twoja historia wyników
Nie rozwiązałeś tego quizu